<?xml version="1.0" encoding="UTF-8"?><?xml-stylesheet type="text/xsl" href="static/style.xsl"?><OAI-PMH xmlns="http://www.openarchives.org/OAI/2.0/" xmlns:xsi="http://www.w3.org/2001/XMLSchema-instance" xsi:schemaLocation="http://www.openarchives.org/OAI/2.0/ http://www.openarchives.org/OAI/2.0/OAI-PMH.xsd"><responseDate>2026-06-01T08:49:30Z</responseDate><request verb="GetRecord" identifier="oai:riuma.uma.es:10630/24522" metadataPrefix="marc">https://riuma.uma.es/rest/oai/request</request><GetRecord><record><header><identifier>oai:riuma.uma.es:10630/24522</identifier><datestamp>2026-02-03T11:48:25Z</datestamp><setSpec>com_10630_2254</setSpec><setSpec>col_10630_37959</setSpec></header><metadata><record xmlns="http://www.loc.gov/MARC21/slim" xmlns:dcterms="http://purl.org/dc/terms/" xmlns:doc="http://www.lyncode.com/xoai" xmlns:xsi="http://www.w3.org/2001/XMLSchema-instance" xsi:schemaLocation="http://www.loc.gov/MARC21/slim http://www.loc.gov/standards/marcxml/schema/MARC21slim.xsd">
   <leader>00925njm 22002777a 4500</leader>
   <datafield ind2=" " ind1=" " tag="042">
      <subfield code="a">dc</subfield>
   </datafield>
   <datafield ind2=" " ind1=" " tag="720">
      <subfield code="a">Díaz-Fernández, Alejandro</subfield>
      <subfield code="e">author</subfield>
   </datafield>
   <datafield ind2=" " ind1=" " tag="260">
      <subfield code="c">2022</subfield>
   </datafield>
   <datafield ind2=" " ind1=" " tag="520">
      <subfield code="a">After fourteen months in the command of Cilicia, in July 50 Cicero finally went back to Rome, temporally entrusting his province to his newly arrived quaestor, C. Coelius Caldus. According to a letter sent to M. Caelius Rufus, Cicero decided to leave the command of Cilicia to his quaestor because the latter was a young nobilis and because it was how everyone proceeds (Cic. fam. 2.15.4: at quaestorem, at nobilem adulescentem, at omnium fere exemplo). Cicero’s comment suggests that quaestors usually held the provinces on an interim basis when the imperatores left office. Now, what happened when the command of a province was suddenly vacant by the death of its governor? Who was left in charge until the arrival of the new governor? When talking about the events of 186, Livy alludes to the death of the propraetor C. Atinius in Hispania Ulterior during the siege of Hasta. Apparently, the news caused the rapid reaction of the senate, which immediately sent letters to the praetor C. Calpurnius Piso at the port of Luna with the aim of urging him to hasten his departure, so that the province might not be left without imperium (Liv. 39.21.4: ne sine imperio provincia esset). The quickness with which the senate reacted reveals that the power vacuum caused by the death of an imperator was a critical situation to which it was essential to respond without delay. It is therefore worth asking what happened in Hispania Ulterior from the death of C. Atinius until the arrival of C. Calpurnius Piso. This is not the only case that we know of, so it seems necessary to carry out a study that treats how the Romans tried to resolve these situations of crisis in the provinces during the Late Republic.</subfield>
   </datafield>
   <datafield ind1="8" ind2=" " tag="024">
      <subfield code="a">https://hdl.handle.net/10630/24522</subfield>
   </datafield>
   <datafield tag="653" ind2=" " ind1=" ">
      <subfield code="a">Roma - Provincias</subfield>
   </datafield>
   <datafield tag="653" ind2=" " ind1=" ">
      <subfield code="a">Roma</subfield>
   </datafield>
   <datafield tag="653" ind2=" " ind1=" ">
      <subfield code="a">Roma - Administración provincial</subfield>
   </datafield>
   <datafield tag="653" ind2=" " ind1=" ">
      <subfield code="a">España - Historia - &lt;....-0414 (Edad antigua)</subfield>
   </datafield>
   <datafield ind2="0" ind1="0" tag="245">
      <subfield code="a">Ne sine imperio provincia esset (Livio 39.21.4) o come risolvevano i Romani le crisi causate dalla morte di un imperator nella tarda Repubblica</subfield>
   </datafield>
</record>
</metadata></record></GetRecord></OAI-PMH>